000 00556nam a2200205 a 4500
001 BRCA_5917
005 20190320205249.0
008 180311t1910----nyu######u---#000-0#eng-#
041 _aeng
044 _anyu
050 4 _aGV991
_b.S62
_c1910
245 1 0 _aSpalding“s official Lawn tennis anual.
_cedited by H. P. Burchell.
260 _aNew York
_bAmerican Sports Publishing Co.
_c1910
300 _a251 p.
_c17 cm.
500 _aH152
650 1 4 _aTenis
_vAnuarios.
_914957
700 1 _aBurchell, H. P.
_eed.
_914958
902 _aGFM
942 _2lcc
_cB
999 _c5606
_d5606